Регионална библиотека "Любен Каравелов" - Русе

Ръководство на д-р Спок (Запис номер 67741)

MARC детайли
000 -Лидер
Контролно поле с фиксирана дължина 02102nam a2200433 c 4500
003 - Код на организацията, давaща контролен номер
Контролно поле BLK
005 - Дата и час на последна редакция
Контролно поле 20240115100619.0
008 - Елементи от данни с фиксирана дължина
fixed length control field 180408b bul|||||r ||||||| ||bul||
010 ## - Наследен системен номер
LC control number KNG00072055000
020 ## - Международен стандартен номер на книга ISBN
Международен стандартен номер на книга ISBN 954-26-0372-Х
Поясняваща информация 9789542603726
040 ## - Източник на каталожния запис
Идентификатор на билиотеката - собственик на записа BLK
041 ## - Код за език
Код за езика на текст/звукозапис или на отделно заглавие Български
Код за езика КДБФ Български
080 ## - УДК
Текстов определител УДК Възпитание у дома. Семейно възпитание
УДК код - определител по УДК 37.018.1
УДК определител (035)
УДК - код + определител 37.018.1(035)
080 ## - УДК
Текстов определител УДК Психология на детската възраст. Интелектуално развитие на децата. Психически особености. Детски представи, описани в разкази
УДК код - определител по УДК 159.922.7
УДК определител -053.5(035)
УДК - код + определител 159.922.7-053.5(035)
080 ## - УДК
УДК код - определител по УДК 173.5/.6
УДК определител (035)
УДК - код + определител 173.5/.6(035)
100 1# - Редна дума - Автор
Автор Спок, Бенджамин МакЛейн
Авторска отговорност първи автор
R(LIN) 122797
139 ## - Редно поле
Редна дума Спок, Бенджамин МакЛейн
Авторски знак Спо - С 58
245 10 - Сведения за заглавието
Заглавие Ръководство на д-р Спок
Подзаглавни данни Годините в училище
Редно поле (дума) Бенджамин МакЛейн Спок; съавт. Мартин Стайн; прев. от англ. Дори Генадиева Габровска.
257 ## - Страна на издаване
Страна на създаване/издаване Съединени американски щати
260 ## - Област на издателските данни
Място на издаване, разпространение и проч. Пловдив
Име на издателя, разпространителя и проч. Хермес
Година на издаване 2006
Печатница Хасково : Полиграфюг
300 ## - Физическа характеристика
Страници 304 с.
Размери/Мащаб 17 см
380 ## - Жанр
Жанр Обществени науки
500 ## - Общи забележки
Забележка Ориг. загл. Dr. Spock's the school years / Benjamin Spock, Martin T. Stein. - Азб. показалец
650 #4 - Допълнително описание по предмет – тема
Основно описание – тема или топоним Възпитание в семейството
9 (RLIN) 242361
650 #4 - Допълнително описание по предмет – тема
Основно описание – тема или топоним Детска и педагогическа психология
9 (RLIN) 244538
653 ## - Ключова дума – ненормативна
Ключова дума деца
653 ## - Ключова дума – ненормативна
Ключова дума училище
653 ## - Ключова дума – ненормативна
Ключова дума семейно възпитание
700 1# - Други автори (авторска отговорност)
Лично име Стайн, Мартин
Автороска отговорност (Описва отношението между автора и произведението) съавт.
9 (RLIN) 291685
700 1# - Други автори (авторска отговорност)
Лично име Габровска, Дори Генадиева
Дати, свързани с автора 1969 -
Автороска отговорност (Описва отношението между автора и произведението) прев. от англ.
9 (RLIN) 50364
852 ## - Местоположение
Форматна сигнатура Цб І 32343
856 4# - Електронен адрес и достъп
Електронен формат pdf - файл
856 4# - Електронен адрес и достъп
Електронен формат pdf - файл
942 ## - АРТИКУЛИ
Вид на библиотечния материал Книги
Скрит в OPAC Не
Koha issues (borrowed), all copies 5
944 ## - СЪЗДАВАНЕ И РЕДАКЦИЯ на ЗАПИСА
Създаване/Редакция Създаване
Дата на регистрацията/редакция 22.02.2007
Статус, дата на статуса Диана Гривева
Служител, извършил регистрацията/редакцията 30529
944 ## - СЪЗДАВАНЕ И РЕДАКЦИЯ на ЗАПИСА
Създаване/Редакция Редакция
Дата на регистрацията/редакция 19.06.2013
999 ## - СИСТЕМНИ КОНТРОЛНИ НОМЕРА
Koha biblionumber 67741
Koha biblioitemnumber 67741
999 ## - СИСТЕМНИ КОНТРОЛНИ НОМЕРА
Koha biblioitemnumber 67741
999 ## - СИСТЕМНИ КОНТРОЛНИ НОМЕРА
Koha biblioitemnumber 67741
Наличности
Код за отписване Код за изгубен артикул Код за повреда Коз за рестрикции Код за отдаване Артикулен № Име на библиотеката - собственик Име на библиотеката, в която се намира в момента Статус (Текущо местоположение) Дата на вписване в системата Местоположение - отдел Цена в лева Инвентарен номер Систематично азбучна сигнатура Баркод Номер на екземпляра Цена в евро Служебна бележка Служебен тип на артикула Източник на класификационната схема
  Не е изгубен Не е повреден без рестрикции ползва се в читалня 111776 Регионална библиотека "Любен Каравелов" Русе Регионална библиотека "Любен Каравелов" Русе Хранилище 2007-02-23 Хранилище 6.00 120000710257 Цб І 32343 120000710257 1 3.07 Дост: Dp Вид: Д N: 19 Дата: 19.04.2006 Книги  
  Не е изгубен Не е повреден без рестрикции заемане за дома 111777 Регионална библиотека "Любен Каравелов" Русе Регионална библиотека "Любен Каравелов" Русе Заемна - подръчен фонд 2013-06-06 Заемна - подръчен фонд 6.00 120000766650 П 37.018.1/С 58 Б 120000766650 2 3.07 Дост: DA Вид: А N: 12 Дата: 06.06.2013 Дата инв: 08.02.2018 Бележки инв: П2018 Книги Universal Decimal Classification
Vip Innovations Ltd, Rousse, Bulgaria 2025